Statistics for First Overall NFL Draft Picks in the Pro Football Hall of Fame

Click here to take the quiz!

General Stats

  • This quiz has been taken 203 times
    (11 since last reset)
  • The average score is 9 of 15

Answer Stats

Class YearDraft YearTeamsPositionPlayer% Correct
19891970SteelersQBTerry Bradshaw
100%
20041983BroncosQBJohn Elway
91%
20061989CowboysQBTroy Aikman
91%
20211998Colts, BroncosQBPeyton Manning
91%
19851969Bills, 49ersRBO.J. Simpson
82%
20091985BillsDEBruce Smith
82%
19911978Oilers, SaintsRBEarl Campbell
73%
20161997Rams, BearsOTOrlando Pace
64%
19861957PackersHBPaul Hornung
55%
19951976BuccaneersDELee Roy Selmon
45%
19901963ChiefsDTJunious Buchanan
27%
19671949EaglesLB/CChuck Bednarik
18%
19681945CardnialsHB/QBCharley Trippi
18%
20011968Vikings, RamsOTRon Yary
18%
19661942Steelers, Lions, RedskinsHBBill Dudley
9%

Score Distribution

Percentile by Number Answered

Percent of People with Each Score

Your Score History

You have not taken this quiz since the last reset